| 000 | 00634nam a2200205 4500 | ||
|---|---|---|---|
| 001 | VA77299bis | ||
| 003 | ES-SlBCS | ||
| 005 | 20221114122938.0 | ||
| 008 | 150422s1971 sp ||||| |||| 00| 0 spa d | ||
| 017 |
_aM-19997-1971 _bOficina Depósito Legal de Madrid |
||
| 040 |
_aES-SlBCS _bspa _erdc |
||
| 100 | 1 |
_aVallet de Goytisolo, Juan B. _9104487 |
|
| 245 | 1 | 0 |
_aIdeología, "praxis" y mito de la tecnocracia _cJuan Vallet de Goytisolo |
| 260 |
_a[Madrid] : _bEscelicer _c, D.L. 1971 |
||
| 300 |
_a160 p. ; _c18 cm |
||
| 500 | _aÍndice | ||
| 504 | _aBibliografía: p. [147]-155 | ||
| 650 | 0 | 4 |
_aTecnocracia _9162884 |
| 942 |
_2lcc _cBK |
||
| 999 |
_c851850 _d851850 |
||